ATTACK IN THE WEST NAPOLEON FIRST COMPAIGN RE-READ TODAY (Record no. 581813)
[ view plain ]
| 000 -LEADER | |
|---|---|
| fixed length control field | 00278nam a22001097a 4500 |
| 082 ## - DEWEY DECIMAL CLASSIFICATION NUMBER | |
| Classification number | 355.02 JAC'A |
| 100 ## - MAIN ENTRY--PERSONAL NAME | |
| Personal name | JACKSON, W. G. F |
| 9 (RLIN) | 48651 |
| 245 ## - TITLE STATEMENT | |
| Title | ATTACK IN THE WEST NAPOLEON FIRST COMPAIGN RE-READ TODAY |
| 260 ## - PUBLICATION, DISTRIBUTION, ETC. | |
| Place of publication, distribution, etc. | LAHORE |
| Name of publisher, distributor, etc. | AL-KITAB |
| Date of publication, distribution, etc. | 1972 |
| 300 ## - PHYSICAL DESCRIPTION | |
| Extent | 242P |
| 942 ## - ADDED ENTRY ELEMENTS (KOHA) | |
| Koha item type | Book |
| Withdrawn status | Lost status | Damaged status | Not for loan | Permanent Location | Current Location | Shelving location | Date acquired | Total Checkouts | Full call number | Barcode | Date last seen | Price effective from | Koha item type |
|---|---|---|---|---|---|---|---|---|---|---|---|---|---|
| College of Electrical & Mechanical Engineering (CEME) | College of Electrical & Mechanical Engineering (CEME) | General Stacks | 05/30/2017 | 355.02 JAC'A | CEME-10843 | 06/28/2021 | 06/28/2021 | Book |
